01016nam a2200253 i 450000100060000000300090000600500170001500700030003200800410003502000180007608000230009410000480011724501800016525000120034526000420035730000280039961000510042765000290047865100620050785200220056994200080059199900170059995201460061618210ES-MaACL20241117063058.0t|010813s1997 sp ||||0|dspa j a84-920091-4-4 a39(460.182)(094.5)0 aFernández de Mata, Ignacio,d1967-94968810aDe la vida, del amor y la muerte b: Burgos en la encuesta de 1901-1902 del Ateneo de Madrid : fuentes para la investigación antropológica / cIgnacio Fernández de Mata. a1ª ed. aBurgos : bLibrería Berceo, c1997. a169 p : bil ; c24 cm.24aAteneo de Madrid-xEncuesta de 1901-190291917 72embne9227290aEncuestas 4aBurgos (Provincia)-xUsos y costumbres-vEncuestas.97910 aES-MaACLjL-24895 2udc c18210d18210 001040708Fondo_Ateneo_de_MadridaATENEOMbATENEOMcDEPO2d2008-01-17eSCl0oL-24895p1018619r2023-02-23 00:00:00w2023-02-23yMONOGRAFIA